Szczegóły MARC21

Le surréalisme /

003 -Nazwa inst., której nr kontr. jest w polu 001 [,]
    • @
    • Nazwa instytucji, której n kontrolny jest w polu 001
    • NUKAT
005 -DATA I CZAS OSTATNIEJ MODYFIKACJI [,]
    • @
    • pole kontrolne
    • 20241231093154.0
020 -Międzynarod. znormalizowany nr książki - ISBN [ , ]
    • a
    • Numer ISBN
    • 2130440894 Find
040 -Instytucja sporządzająca opis [ , ]
    • a
    • Instytucja, która sporządziła opis (NP)
    • WA U/68BLB
    • c
    • Instytucja, która sporządziła rekord (NP)
    • WA U/BLB
    • d
    • Instytucja, która zmodyfikowała rekord (P)
    • WA U/AOL
942 -Rodzaj dokumentu [ , ]
    • c
    • Rodzaj dokumentu
    • Książka
100 -Hasło główne - nazwa osobowa [1, ]
    • a
    • Nazwa osobowa (NP)
    • Duplessis, Yvonne
    • d
    • Daty biograficzne (NP)
    • (1912- ).
    • 9
    • KHW
    • 48463
240 -Tytuł ujednolicony [1,0]
    • a
    • Tytuł ujednolicony
    • Surréalisme
    • l
    • Język tekstu
    • (fr.)
    • 9
    • KHW
    • 456444
245 -Strefa tytułu i oznaczenia odpowiedzialności [1,3]
    • a
    • Tytuł
    • Le surréalisme / Find
    • c
    • Pozostałe elementy strefy tytułu i oznaczenia odpowiedzialności (NP)
    • Yvonne Duplessis.
250 -Strefa wydania [ , ]
    • a
    • Oznaczenie wydania (NP)
    • 15e éd. corr.
260 -Strefa adresu wydawniczego [ , ]
    • a
    • Miejsce wydania (P)
    • Paris :
    • b
    • Nazwa wydawcy (P)
    • Presses Universitaires de France,
    • c
    • Data wydania (P)
    • 1995.
300 -Strefa opisu fizycznego [ , ]
    • a
    • Określenie formy książki i/lub objętość (NP)
    • 127 s. ;
    • c
    • Format (NP)
    • 18 cm.
336 -Typ zawartości [ , ]
    • a
    • Termin opisujący typ zawartości
    • Tekst
    • b
    • Kod określający zawartość
    • txt
    • 2
    • Źródło (terminu i kodu)
    • rdacontent
337 -Typ mediów [ , ]
    • a
    • Tryb odtwarzania
    • Bez urządzenia pośredniczącego
    • b
    • Kod typu mediów
    • n
    • 2
    • Źródło (terminu i kodu)
    • rdamedia
338 -Typ/rodzaj nośnika [ , ]
    • a
    • Hasło opisujące typ nośnika
    • Wolumin
    • b
    • Kod typu nośnika
    • nc
    • 2
    • Źródło (terminu i kodu)
    • rdacarrier
490 -Strefa serii i książki wielotomowej - forma nie do wyszukiwania [1, ]
    • a
    • Tytuł (P)
    • Que sais-je? ; Find
    • v
    • Numeracja (P)
    • 432
830 -Hasło dodatkowe serii i opisu książki wielotomowej - tytuł ujednolicony/tytuł [ ,0]
    • a
    • Tytuł ujednolicony/tytuł (NP)
    • Que Sais-Je?
    • x
    • ISSN
    • 0768-0066
    • v
    • Oznaczenie tomu (NP)
    • no 432
    • 9
    • KHW
    • 19466
504 -Uwaga dot. bibliogr. załącznikowej [ , ]
    • a
    • Uwaga dot. bibliografii załącznikowej
    • Bibliogr. s. 125-127.
080 -Uniwersalna Klasyfikacja Dziesiętna [ , ]
    • a
    • Symbol klasyfikacji
    • 7.037(44)"19"Surrealizm=40
980 -Symbol UKD [ , ]
    • a
    • UKD
    • 7.037(44)"19"Surrealizm=40
920 -ISBN [ , ]
    • a
    • ISBN
    • 2-13-044089-4 Find
Numer inwentarzowy Data inwentaryzacji Status udost. Sygnatura Lokalizacja
A.60432001-05-151FR. Sztuka Francji 05BM